Los recursos literarios de Berceo

Shranjeno v:
Bibliografske podrobnosti
Glavni avtor: Artiles, Joaquín
Format: Knjiga
Jezik:Undetermined
Izdano: Madrid, España Gredos 1964
Teme:
Oznake: Označite
Brez oznak, prvi označite!

MARC

LEADER 00000nam a2200000Ia 4500
008 170316s9999 xx 000 0 und d
090 |a 801 A-29r 
100 |a Artiles, Joaquín 
245 |a Los recursos literarios de Berceo 
260 |a Madrid, España 
260 |b Gredos 
260 |c 1964 
300 |a 269 páginas 
650 |a TEORÍA LITERARIA 
650 |a LITERATURA ESPAÑOLA - POESÍA 
650 |a GONZALO DE BERCEO 
650 |a ANÁLISIS LITERARIO 
999 |c 20032  |d 20032 
040 |a cru BVZT 
942 |c 15 D  |h 801 A-29r  |2 z